Ben-Hur / (Record no. 216710)
[ view plain ]
| 000 -LEADER | |
|---|---|
| fixed length control field | 04388cgm a2200913Ii 4500 |
| 001 - CONTROL NUMBER | |
| control field | ocn961480634 |
| 003 - CONTROL NUMBER IDENTIFIER | |
| control field | OCoLC |
| 005 - DATE AND TIME OF LATEST TRANSACTION | |
| control field | 20161214084655.0 |
| 007 - PHYSICAL DESCRIPTION FIXED FIELD--GENERAL INFORMATION | |
| fixed length control field | vd cvaizq |
| 008 - FIXED-LENGTH DATA ELEMENTS--GENERAL INFORMATION | |
| fixed length control field | 161031s2016 cau124 vleng d |
| 040 ## - CATALOGING SOURCE | |
| Original cataloging agency | TEFMT |
| Language of cataloging | eng |
| Description conventions | rda |
| Transcribing agency | TEFMT |
| Modifying agency | OCLCO |
| -- | TEF |
| -- | OCLCO |
| -- | OCLCF |
| -- | OCLCO |
| -- | TEFMT |
| -- | MR0 |
| -- | IHY |
| -- | IK2 |
| -- | IUK |
| -- | UINTA |
| 024 1# - OTHER STANDARD IDENTIFIER | |
| Standard number or code | 032429254115 |
| 028 42 - PUBLISHER NUMBER | |
| Publisher number | 59182190000 |
| Source | Paramount |
| 035 ## - SYSTEM CONTROL NUMBER | |
| System control number | (OCoLC)961480634 |
| 041 1# - LANGUAGE CODE | |
| Language code of text/sound track or separate title | eng |
| -- | fre |
| -- | spa |
| -- | spa |
| -- | por |
| -- | fre |
| -- | eng |
| Language code of original and/or intermediate translations of text | eng |
| 043 ## - GEOGRAPHIC AREA CODE | |
| Geographic area code | e-it--- |
| 050 #4 - LIBRARY OF CONGRESS CALL NUMBER | |
| Classification number | PN1997 |
| Item number | .B46 2016 |
| 082 04 - DEWEY DECIMAL CLASSIFICATION NUMBER | |
| Classification number | 791.43/72 |
| Edition number | 23 |
| 049 ## - LOCAL HOLDINGS (OCLC) | |
| Holding library | UCLB |
| 130 0# - MAIN ENTRY--UNIFORM TITLE | |
| Uniform title | Ben-Hur (Motion picture : 2016) |
| 245 10 - TITLE STATEMENT | |
| Title | Ben-Hur / |
| Statement of responsibility, etc | Paramount Pictures and Metro-Goldwyn Mayer Pictures present ; executive producers Mark Burnett and Roma Downey [and three others] ; produced by Sean Daniel, Joni Levin, Duncan Henderson ; screenplay by Keith Clarke and John Ridley ; director, Timur Bekmambetov. |
| 250 ## - EDITION STATEMENT | |
| Edition statement | Theatrical version. |
| 257 ## - COUNTRY OF PRODUCING ENTITY FOR ARCHIVAL FILMS | |
| Country of producing entity | United States |
| 264 #1 - Production, Publication, Distribution, Manufacture, and Copyright Notice. | |
| Place of production, publication, distribution, manufacture | Hollywood, California : |
| Name of producer, publisher, distributor, manufacturer | Paramount , |
| Date of production, publication, distribution, manufacture, or copyr | [2016] |
| 300 ## - PHYSICAL DESCRIPTION | |
| Extent | 1 videodisc (124 min.) : |
| Other physical details | sound, color ; |
| Dimensions | 4 3/4 in. |
| 336 ## - Content Type | |
| Content type term | two-dimensional moving image |
| 337 ## - Media type | |
| Media type term | video |
| 338 ## - Carrier type | |
| Carrier type term | videodisc |
| 340 ## - PHYSICAL MEDIUM | |
| Material base and configuration | DVD video |
| Dimensions | 4 3/4 in. |
| -- | rda |
| 344 ## - | |
| -- | digital |
| -- | optical |
| -- | 5.1 surround |
| -- | Dolby digital |
| -- | rda |
| 345 ## - | |
| -- | widescreen (1.78:1) |
| -- | rda |
| 346 ## - | |
| -- | DVD-video |
| -- | NTSC |
| -- | rda |
| 347 ## - | |
| -- | video file |
| -- | DVD video |
| -- | region 1 |
| -- | rda |
| 380 ## - | |
| -- | Motion picture. |
| 538 ## - SYSTEM DETAILS NOTE | |
| System details note | DVD, NTSC, region 1, widescreen (16:9) presentation ; Dolby digital 5.1 surround. |
| 546 ## - LANGUAGE NOTE | |
| Language note | In English, dubbed French or dubbed Spanish, with optional subtitles in English, Spanish, Portuguese or French; English audio description. |
| 546 ## - LANGUAGE NOTE | |
| Language note | Closed-captioned. |
| 500 ## - GENERAL NOTE | |
| General note | Title from title frame. |
| 511 1# - PARTICIPANT OR PERFORMER NOTE | |
| Participant or performer note | Jack Huston, Toby Kebbell, Rodrigo Santoro, Morgan Freeman, Ayelet Zurer, Nazanin Boniadi. |
| 508 ## - CREATION/PRODUCTION CREDITS NOTE | |
| Creation/production credits note | Music, Marco Beltrami ; editor, Dody Dorn ; director of photography, Oliver Wood. |
| 500 ## - GENERAL NOTE | |
| General note | "The fifth adaptation of the 1880 novel Ben-Hur: a tale of the Christ by Lew Wallace. A reimagining of the novel and not a remake of the 1959 film." |
| 500 ## - GENERAL NOTE | |
| General note | DVD release of the 2016 motion picture. |
| 500 ## - GENERAL NOTE | |
| General note | Wide screen. |
| 521 8# - TARGET AUDIENCE NOTE | |
| Target audience note | MPAA rating: PG-13; for sequences of violence and disturbing images |
| -- | CHV rating: PG. |
| 520 ## - SUMMARY, ETC. | |
| Summary, etc | The epic story of Judah Ben-Hur, a prince falsely accused of treason by his adopted brother, an officer in the Roman army. After years at sea, Judah returns to his homeland to seek revenge, but finds redemption. |
| 600 00 - SUBJECT ADDED ENTRY--PERSONAL NAME | |
| Personal name | Jesus Christ |
| Form subdivision | Drama. |
| 600 00 - SUBJECT ADDED ENTRY--PERSONAL NAME | |
| Personal name | Tiberius, |
| Titles and other words associated with a name | Emperor of Rome, |
| Dates associated with a name | 42 B.C.-37 A.D. |
| Form subdivision | Drama. |
| 630 00 - SUBJECT ADDED ENTRY--UNIFORM TITLE | |
| Uniform title | Bible. |
| Name of part/section of a work | New Testament |
| General subdivision | History of Biblical events |
| Form subdivision | Drama. |
| 650 #0 - SUBJECT ADDED ENTRY--TOPICAL TERM | |
| Topical term or geographic name as entry element | Slaves |
| Geographic subdivision | Italy |
| -- | Rome |
| Form subdivision | Drama. |
| 655 #7 - INDEX TERM--GENRE/FORM | |
| Genre/form data or focus term | Feature films. |
| Source of term | lcgft |
| 655 #7 - INDEX TERM--GENRE/FORM | |
| Genre/form data or focus term | Film adaptations. |
| Source of term | lcgft |
| 655 #7 - INDEX TERM--GENRE/FORM | |
| Genre/form data or focus term | Christian films. |
| Source of term | lcgft |
| 655 #7 - INDEX TERM--GENRE/FORM | |
| Genre/form data or focus term | Historical films. |
| Source of term | lcgft |
| 655 #7 - INDEX TERM--GENRE/FORM | |
| Genre/form data or focus term | Action and adventure films. |
| Source of term | lcgft |
| 655 #7 - INDEX TERM--GENRE/FORM | |
| Genre/form data or focus term | Fiction films. |
| Source of term | lcgft |
| 655 #7 - INDEX TERM--GENRE/FORM | |
| Genre/form data or focus term | Video recordings for the hearing impaired. |
| Source of term | lcgft |
| 655 #7 - INDEX TERM--GENRE/FORM | |
| Genre/form data or focus term | Video recordings for people with visual disabilities. |
| Source of term | lcgft |
| 700 1# - ADDED ENTRY--PERSONAL NAME | |
| Personal name | Burnett, Mark |
| Fuller form of name | (James Mark), |
| Relator term | film producer. |
| 700 1# - ADDED ENTRY--PERSONAL NAME | |
| Personal name | Downey, Roma, |
| Dates associated with a name | 1960- |
| Relator term | film producer. |
| 700 1# - ADDED ENTRY--PERSONAL NAME | |
| Personal name | Daniel, Sean, |
| Relator term | film producer. |
| 700 1# - ADDED ENTRY--PERSONAL NAME | |
| Personal name | Levin, Joni, |
| Relator term | film producer. |
| 700 1# - ADDED ENTRY--PERSONAL NAME | |
| Personal name | Henderson, Duncan, |
| Relator term | film producer. |
| 700 1# - ADDED ENTRY--PERSONAL NAME | |
| Personal name | Clarke, Keith R., |
| Relator term | screenwriter. |
| 700 1# - ADDED ENTRY--PERSONAL NAME | |
| Personal name | Ridley, John, |
| Dates associated with a name | 1965- |
| Relator term | screenwriter. |
| 700 1# - ADDED ENTRY--PERSONAL NAME | |
| Personal name | Bekmambetov, Timur, |
| Dates associated with a name | 1961- |
| Relator term | film director. |
| 700 1# - ADDED ENTRY--PERSONAL NAME | |
| Personal name | Huston, Jack, |
| Dates associated with a name | 1982- |
| Relator term | actor. |
| 700 1# - ADDED ENTRY--PERSONAL NAME | |
| Personal name | Kebbell, Toby, |
| Relator term | actor. |
| 700 1# - ADDED ENTRY--PERSONAL NAME | |
| Personal name | Santoro, Rodrigo, |
| Dates associated with a name | 1975- |
| Relator term | actor. |
| 700 1# - ADDED ENTRY--PERSONAL NAME | |
| Personal name | Freeman, Morgan, |
| Relator term | actor. |
| 700 1# - ADDED ENTRY--PERSONAL NAME | |
| Personal name | Zorer, Ayelet, |
| Relator term | actor. |
| 700 1# - ADDED ENTRY--PERSONAL NAME | |
| -- | Motion picture adaptation of (work): |
| Personal name | Wallace, Lew, |
| Dates associated with a name | 1827-1905. |
| Title of a work | Ben-Hur. |
| 710 2# - ADDED ENTRY--CORPORATE NAME | |
| Corporate name or jurisdiction name as entry element | Paramount Pictures, Inc., |
| Relator term | presenter. |
| 710 2# - ADDED ENTRY--CORPORATE NAME | |
| Corporate name or jurisdiction name as entry element | Metro-Goldwyn-Mayer Pictures, |
| Relator term | presenter. |
| 710 2# - ADDED ENTRY--CORPORATE NAME | |
| Corporate name or jurisdiction name as entry element | Paramount Home Entertainment (Firm), |
| Relator term | publisher. |
| 730 02 - ADDED ENTRY--UNIFORM TITLE | |
| -- | Container of (expression): |
| Uniform title | Ben-Hur (Motion picture : 2016). |
| Language of a work | French. |
| 730 02 - ADDED ENTRY--UNIFORM TITLE | |
| -- | Container of (expression): |
| Uniform title | Ben-Hur (Motion picture : 2016). |
| Language of a work | Spanish. |
| 730 0# - ADDED ENTRY--UNIFORM TITLE | |
| Uniform title | Ben-Hur (Motion picture : 2016) |
| 994 ## - | |
| -- | C0 |
| -- | UINTA |
| Withdrawn status | Lost status | Source of classification or shelving scheme | Damaged status | Not for loan | Collection code | Home library | Current library | Shelving location | Date acquired | Source of acquisition | Total Checkouts | Total Renewals | Full call number | Barcode | Checked out | Date last seen | Date checked out | Cost, replacement price | Price effective from | Koha item type |
|---|---|---|---|---|---|---|---|---|---|---|---|---|---|---|---|---|---|---|---|---|
| Dewey Decimal Classification | Movies | Wasatch County Library | Wasatch County Library | Audio Visual Area | 10/17/2017 | Amazon | 34 | 18 | Movie Ben-Hur | 34301002074245 | 03/25/2026 | 03/05/2026 | 03/05/2026 | 10.00 | 03/20/2020 | DVD |
